000 00507nam a22001937a 4500
003 MPLRDC
005 20220104143924.0
008 210129b ||||| |||| 00| 0 eng d
020 _a957-643-265-0
082 _a861.57 RBDS v.15
100 _a冈田惠和
245 _a青春无悔
_c何咪娜 译
250 _a一版三刷
260 _a
_b台湾东贩股份有限公司
_c1997
300 _b
490 _a日本电视小说. 15
650 _a日本现代小说
942 _cBK
_o861.57 RBDS v.15
999 _c44656
_d44646